000
00198 a2200097 4500
001
46709
100
_a
Constable
245
_a
Horrido
260
_a
London
_b
Arthur barker
_c
090
_c
29806
_d
29806
942
_a
NUST-CAE
_c
M
_c
22009
999
_c
281782
_d
281782